| 000 | 00436cam a2200169ua 4500 | ||
|---|---|---|---|
| 041 |
_aeng _h |
||
| 082 |
_a515.3 _bEDW/DI |
||
| 100 | _aEdwards, Joseph . | ||
| 245 |
_aDifferential calculus for beginners / _cJoseph Edwards. _hTextual Documents |
||
| 250 |
_a1 / _b. |
||
| 260 |
_aNewyok : _bMacMillan and Company Limited , _c1962. |
||
| 300 | _a262 ; . | ||
| 504 | _a | ||
| 942 | _cBK | ||
| 999 |
_c2250 _d2250 |
||